| 000 | 00543nam a22001817a 4500 | ||
|---|---|---|---|
| 003 | CEME | ||
| 005 | 20210628202703.0 | ||
| 008 | 210203b xxu||||| |||| 00| 0 eng d | ||
| 020 | _a0-8031-2883-5 | ||
| 040 | _c. | ||
| 082 | _a621.20424 HYD | ||
| 100 |
_aFeldmann, Dierk G Wills, David K Totten, G.E _961081 |
||
| 245 | _aHydraulic failure analysis fluids, components and system effects | ||
| 260 |
_aUSA _bASTM _c2001 |
||
| 300 | _aVII,601P | ||
| 650 |
_aOIL HYDRAULIC MACHINERY, SYSTEM FAILURES (ENGINEERING) _961082 |
||
| 942 |
_cBK _2ddc |
||
| 999 |
_c570639 _d570639 |
||